Zatpat Vivah Tharanyasathi 51 Todage. (Record no. 362671)

MARC details
000 -LEADER
fixed length control field 003540000a22001450004500
005 - DATE AND TIME OF LATEST TRANSACTION
control field 20120302064632.0
040 ## - CATALOGING SOURCE
Original cataloging agency mar
100 ## - MAIN ENTRY--PERSONAL NAME
Personal name Sharma, Bharatkumar Kisanlal.
245 ## - TITLE STATEMENT
Title Zatpat Vivah Tharanyasathi 51 Todage.
260 ## - PUBLICATION, DISTRIBUTION, ETC. (IMPRINT)
Place of publication, distribution, etc Pune : Khandoba Prakashan.
300 ## - PHYSICAL DESCRIPTION
Extent 24 p.
365 ## - TRADE PRICE
Price amount Rs.20/-
650 ## - SUBJECT ADDED ENTRY--TOPICAL TERM
Topical term or geographic name as entry element Sankirna / Todage.
942 ## - ADDED ENTRY ELEMENTS (KOHA)
Koha item type Book
Holdings
Withdrawn status Lost status Damaged status Not for loan Home library Current library Date acquired Total Checkouts Barcode Date last seen Price effective from
        Institute For Oriental Study, Thane Institute For Oriental Study, Thane 12/02/2009   IOS-M 23725 12/02/2009 12/02/2009